000 01030nam a2200265 a 4500
001 000001978
005 20251124091422.0
008 090630s2007 dr 000 0 spa d
040 _aDO-SdBNP
_bspa
_cBNPHU
082 _a174.3
_bS583e
100 1 _a Silié Gatón, José A.,
_d1920-2014
_9747
245 1 0 _aÉtica del juez /
_cJosé A. Silié Gatón ; prólogo Franklin García Fermín.
260 _aSanto Domingo :
_bUASD,
_c2007.
300 _a395 p. ;
_c23 cm.
490 1 _aPublicaciones de la Universidad Autónoma de Santo Domingo ;
_v1341
490 1 _aDerecho y política ;
_v20
504 _aBibliografía: p. 391-395
590 _aInventariado, 2018/MFF
650 0 _aÉtica legal
_96420
650 4 _aJueces
_xÉtica profesional
_96421
700 1 _aGarcía Fermín, Franklin,
_epról.
_96422
710 _aUniversidad Autónoma de Santo Domingo
_976692
830 0 _aPublicaciones de la Universidad Autónoma de Santo Domingo ;
_v1341
_pDerecho y política ;
_n20
_96423
910 _aValidado. Control de calidad MFF
999 _c1844
_d1844